000 00967nam0a22002531 4500
001 rc\2969188
005 20250530000836.0
035 _a(NLR Aleph) 007115447
090 _a6809657
_c6809657
100 _a20080107d1933 |||y0rusy50 ca
101 0 _arus
102 _aRU
105 _ay z ||||y
200 1 _aПамятка термичника
_fИ.А. [?] Головин, С.В. Савков
_gЦентр. аэрогидродинам. ин-т. Информ. отд.
210 _aМосква
_cБ. и.
_d1933
_eВладимир
_gтип. "Кр. Октябрь"
215 _aОбл., 8 с., без тит. л.
_d15х11 см
700 1 _aГоловин
_bИ.Л.
_gИван Леонтьевич
701 1 _aСавков
_bС.В.
712 0 2 _aЦентральный аэро-гидродинамический институт
_cМосква
_4570
801 0 _aRU
_bNLR
_gpsbo
801 1 _aRU
_bELAR
_2rusmarc
852 _aNLR
_j34-8/1035
942 _cBOOK
980 _aNB